Paranoids : from Socrates to Joan Collins /

Bibliographic Details
Main Author: Steadman, Ralph
Format: Book
Language:English
Published: London : Harrap, 1986.
Subjects:

MARC

Tag First Indicator Second Indicator Subfields
LEADER 00000cam a2200000 a 4500
001 in00000024695
005 20151007054354.0
008 870903s1986 enka 00010 eng
010 |a  87171755  
020 |a 0245544712 (pbk.) :  |c £8.95 
035 |a (OCoLC)18226835 
035 |9 AAB4838AM 
040 |a DLC  |c DLC  |d TXA  |d UtOrBLW 
049 |a TXAM  |c [A11031833] 
050 0 0 |a TR681.F3  |b S73 1986 
082 0 |a 779/.2/0924  |2 19 
100 1 |a Steadman, Ralph. 
245 1 0 |a Paranoids :  |b from Socrates to Joan Collins /  |c Ralph Steadman. 
264 1 |a London :  |b Harrap,  |c 1986. 
300 |a 128 pages :  |b chiefly color illustrations ;  |c 25 cm. 
336 |a text  |b txt  |2 rdacontent 
337 |a unmediated  |b n  |2 rdamedia 
338 |a volume  |b nc  |2 rdacarrier 
650 0 |a Celebrities  |v Portraits. 
650 0 |a Celebrities  |v Caricatures and cartoons. 
650 0 |a Instant photography. 
999 |a MARS 
999 f f |s 364b36cc-47f6-3c72-bd51-9076b6268c43  |i 77236a87-897c-390b-b6ef-191399cf8e9a  |t 0 
952 f f |p ric  |a Texas A&M University  |b Rellis Campus  |c Joint Library Facility  |d Remote Storage  |t 0  |e TR681.F3 S73 1986  |h Library of Congress classification  |i unmediated -- volume  |m A14811031833 
998 f f |a TR681.F3 S73 1986  |t 0  |l Remote Storage